<?xml version="1.0" encoding="UTF-8"?><?xml-stylesheet type="text/xsl" href="static/style.xsl"?><OAI-PMH xmlns="http://www.openarchives.org/OAI/2.0/" xmlns:xsi="http://www.w3.org/2001/XMLSchema-instance" xsi:schemaLocation="http://www.openarchives.org/OAI/2.0/ http://www.openarchives.org/OAI/2.0/OAI-PMH.xsd"><responseDate>2026-04-13T18:29:25Z</responseDate><request verb="GetRecord" identifier="oai:www.recercat.cat:2445/215497" metadataPrefix="marc">https://recercat.cat/oai/request</request><GetRecord><record><header><identifier>oai:recercat.cat:2445/215497</identifier><datestamp>2025-12-05T02:12:42Z</datestamp><setSpec>com_2072_1057</setSpec><setSpec>col_2072_478772</setSpec><setSpec>col_2072_478917</setSpec></header><metadata><record xmlns="http://www.loc.gov/MARC21/slim" xmlns:dcterms="http://purl.org/dc/terms/" xmlns:xsi="http://www.w3.org/2001/XMLSchema-instance" xmlns:doc="http://www.lyncode.com/xoai" xsi:schemaLocation="http://www.loc.gov/MARC21/slim http://www.loc.gov/standards/marcxml/schema/MARC21slim.xsd">
   <leader>00925njm 22002777a 4500</leader>
   <datafield ind2=" " ind1=" " tag="042">
      <subfield code="a">dc</subfield>
   </datafield>
   <datafield ind2=" " ind1=" " tag="720">
      <subfield code="a">Bautista Morenilla, Iris</subfield>
      <subfield code="e">author</subfield>
   </datafield>
   <datafield ind2=" " ind1=" " tag="720">
      <subfield code="a">Nualart i Torroja, Anna</subfield>
      <subfield code="e">author</subfield>
   </datafield>
   <datafield ind2=" " ind1=" " tag="260">
      <subfield code="c">2024-10-01T13:17:56Z</subfield>
   </datafield>
   <datafield ind2=" " ind1=" " tag="260">
      <subfield code="c">2024-10-01T13:17:56Z</subfield>
   </datafield>
   <datafield ind2=" " ind1=" " tag="260">
      <subfield code="c">2017-09</subfield>
   </datafield>
   <datafield ind2=" " ind1=" " tag="260">
      <subfield code="c">2024-10-01T13:17:56Z</subfield>
   </datafield>
   <datafield ind2=" " ind1=" " tag="520">
      <subfield code="a">Les taules laterals d'altar policromades de Ribes i Montgrony, conservades al Museu Episcopal de Vic, i les taules de Toses, conservades al Museu Nacional d'Art de Catalunya ,s'han atribuït a l'estil gòtic lineal català i s'han relacionat amb el Mestre de Soriguerola. La seva atribució però no està lliure de discussió. Alguns historiadors relacionen estilísticament les taules i les atribueixen al taller del Mestre de Soriguerola i altres relacionen els tres conjunts amb l'estil de Soriguerola sense arribar a atribuir-los-hi d'una forma clara, presentant-los com a repeticions fetes per seguidors del Mestre de Soriguerola a finals del segle XIII. La relació dels tres conjunts s'ha realitzat sempre a partir de l'estudi de la pintura, obviant el suport de fusta. Si bé aquest és un estrat essencial per a l'atribució a un mestre o taller, en ocasions l'estil pictòric resulta un paràmetre subjectiu o insuficient. Aquest estudi presenta noves dades objectives sobre el suport de fusta de les obres que permeten comparar, des del punt de vista tecnològic, els tres conjunts. Aquesta anàlisi científico-tècnica del suport amplia el coneixement de les obres i pot ajudar a determinar l'atribució, o no, a un taller o mestre determinat.</subfield>
   </datafield>
   <datafield tag="653" ind2=" " ind1=" ">
      <subfield code="a">Suports (Materials artístics)</subfield>
   </datafield>
   <datafield tag="653" ind2=" " ind1=" ">
      <subfield code="a">Art gòtic</subfield>
   </datafield>
   <datafield tag="653" ind2=" " ind1=" ">
      <subfield code="a">Supports (Artists' materials)</subfield>
   </datafield>
   <datafield tag="653" ind2=" " ind1=" ">
      <subfield code="a">Gothic art</subfield>
   </datafield>
   <datafield ind2="0" ind1="0" tag="245">
      <subfield code="a">Estudi del suport dels laterals d'altar de Toses, Ribes i Montgrony. A l'entorn del Mestre de Soriguerola.</subfield>
   </datafield>
</record></metadata></record></GetRecord></OAI-PMH>